000 00308 a2200109 4500
020 _a9788199238947
100 _aReese Thomas
245 _aEnte inayude thirodhanam oru cinemapusthakam(എൻെറ ഇണയുടെ തിരോധാനം)
250 _a2nd
260 _bStory slate
_c2025
942 _cOO
999 _c115756
_d115755